| 000 | 00512nam a2200193 4500 | ||
|---|---|---|---|
| 001 | 109441 | ||
| 003 | ES-MaACL | ||
| 007 | t| | ||
| 008 | 061121s1978 ag r ||||1| spa d | ||
| 100 | 1 |
_aMujica Láinez, Manuel. _984091 |
|
| 245 | 1 | 0 |
_aSergio / _cManuel Mújica Laínez. |
| 250 | _a5ª. ed. | ||
| 260 |
_aBuenos Aires : _bSudamericana, _c1978. |
||
| 300 |
_a239 p. ; _c18 cm. |
||
| 490 | 1 | _aEl espejo | |
| 830 | 0 |
_aEl espejo _9232983 |
|
| 852 |
_aES-MaACL _jL-7069 _bR.107550 |
||
| 999 |
_c109441 _d109441 |
||